000 00726nam a22002297a 4500
005 20250519155424.0
008 250519b |||||||| |||| 00| 0 eng d
040 _aLCT
_cLCT
041 _2eng
_aeng
_heng
084 _aV2:2: (Z) Q16
100 _aJain, M.P.
_9784252
245 _aIndian Constitutional Law/
250 _a7th ed.
260 _aGurgaon, India:
_bLexis Nexis,
_c2016
300 _alxviii, 612p.
650 _aConstitution of India
_9784253
650 _aconstitutional jurisprudence
_9747484
650 _aGoods and Services Tax
_9747485
650 _aConstitutional amendments and comments
_9747486
650 _aReservation
_9747487
942 _2CC
_cREF
_hV2:2: (Z) Q16
_n0
999 _c1428835
_d1428835